International review of applied financial issues and economics

Bibliographic Details
Format: Unknown
Language:English
Published: Bľgica : Melcure University
Online Access:Acceso restringido

MARC

LEADER 00000ny a22000003n 4500
005 20110516141443.0
008 101020c199u9999be un p 0 a0eng d
022 |a 9210-1737 
035 |a 5214 
040 |a BUS  |d vLex 
090 |c 1978  |d 1978 
245 3 0 |a International review of applied financial issues and economics  |h [Recurso electrn̤ico] 
256 |a Servicio en ln̕ea 
260 |a Bľgica :  |b Melcure University 
506 1 |a Contenido solo disponible en los productos indicados  |d vLex Global  |d vLex Global (Academic Edition, excluding Law Schools)  |d vLex Global (U.S. Academic Edition, excluding Law Schools) 
740 |a vLex Revista (Servicios en ln̕ea) 
843 |a Electrn̤ica. Abierta 
853 |8 1  |i (year)  |j (month)  |k (day) 
856 4 0 |z Acceso restringido  |u http://vlex.com/account/login_ip?fuente_id=5214 
942 |c REV 
999 0 |a Business and economics